| 000 | 01023nam a22002537a 4500 | ||
|---|---|---|---|
| 999 |
_c15549 _d15549 |
||
| 003 | AR-CdUCM | ||
| 008 | 190227b ||||| |||| 00| 0 spa d | ||
| 020 | _a968-816-096-2 | ||
| 040 |
_aMUNICIPALIDAD PROVINCIAL DEL CUSCO _cBIBLIOTECA MUNICIPAL DEL CUSCO |
||
| 082 |
_a082.974 / _bM19 / 1988 |
||
| 100 |
_aMaldonado López, Celia _934654 |
||
| 245 | _aLa ciudad de México en el siglo XVII / | ||
| 260 |
_aMéxico : _bDepartamento del distrito federal, _c1988. |
||
| 300 |
_a85 páginas ; _bIlustraciones. _c21 cm. |
||
| 440 |
_aColección distrito federal ; _n21 _934655 |
||
| 505 | _aContenido: Los artesones de oro -- Bóvedas, cúpulas, tezontle -- La ciudad y sus habitantes -- Las inundaciones -- La universidad y la imprenta ... | ||
| 650 |
_aLiteratura Mexicana _94259 |
||
| 650 |
_aRenacentista _95726 |
||
| 650 |
_aConquistadores _91283 |
||
| 710 |
_aDepartamento del distrito federal _912486 |
||
| 710 |
_aSecretaria general de desarrollo social _934645 |
||
| 942 |
_2ddc _cLIBROS |
||
| 945 |
_aacv _d2019-02-29 |
||